Catalog

Record Details

Catalog Search



Amazing rockets  Cover Image Book Book

Amazing rockets / by Dinah L. Moché ; drawings by John Nez.

Moché, Dinah L., 1936- (Author). Nez, John A. (Added Author).

Record details

  • ISBN: 0307625850
  • Physical Description: [24] pages : color illustrations ; 22 cm.
  • Publisher: Racine, Wis. : Western Pub. Co., c1990.

Content descriptions

General Note:
"A Golden book, New York."
Subject: Astronautics > Juvenile literature.

Available copies

  • 1 of 1 copy available at scottsboropl.

Holds

  • 0 current holds with 1 total copy.
Show Only Available Copies
Location Call Number / Copy Notes Barcode Shelving Location Status Due Date
scottsboropl J 629.44 Moc 32269000272404 Juvenile - NonFiction Available -

LDR 00871cam a2200253 a 4500
001123591
003CONS
00520140703073301.0
008891227s1990 wiua j 000 0 eng
010 . ‡a 89051821
020 . ‡a0307625850
035 . ‡a(CPomAG)LMN484438
05000. ‡aTL793 ‡b.M598 1990
08200. ‡a629.4 ‡220
1001 . ‡aMoché, Dinah L., ‡d1936-
24510. ‡aAmazing rockets / ‡cby Dinah L. Moché ; drawings by John Nez.
260 . ‡aRacine, Wis. : ‡bWestern Pub. Co., ‡cc1990.
300 . ‡a[24] pages : ‡bcolor illustrations ; ‡c22 cm.
440 2. ‡aA Golden look-look book
500 . ‡a"A Golden book, New York."
650 0. ‡aAstronautics ‡vJuvenile literature.
7001 . ‡aNez, John A.
959 . ‡i32269000272404 ‡lJ629.44 Moc ‡aJuvenile - NonFiction ‡tJuv Nonfiction ‡g7.95
852 . ‡p32269000272404 ‡jJ629.44 Moc ‡gJuvenile - NonFiction ‡cJuv Nonfiction ‡y7.95 ‡bSBPL
901 . ‡a123591 ‡bUnknown ‡c123591 ‡tbiblio

Additional Resources